00745nam a2200121Ia 4500008004100000020001800041100003600059245023200095260002700327650001400354650020700368856004800575171212s9999 xx 000 0 und d a9780833046475 aSilberglitt, Richard;Wong, Anny cSilberglitt, Richard;Wong, AnnyaThe Global Technology Revolution China, In-Depth AnalysesbEmerging Technology Opportunities for the Tianjin Binhai New Area (TBNA) and the Tianjin Economic-Technological Development Area (TEDA) bRAND Corporationc2009 aEducation aResearch, Industrial -- China -- Tianjin; Technological innovations -- China -- Tianjin; Economic development -- China -- Tianjin; Technology and state -- China -- Tianjin; Binhai Xinqu (Tianjin, China) uwww.jstor.org/stable/10.7249/tr649tbna-teda